Statistiques concernant Tous les niveaux de Super Mario 3D World

Cliquez ici pour prendre le quiz!

Statistiques générales

  • Ce quiz a été pris 26 fois
  • Le résultat moyen est 25 sur 116

Statistiques - réponses

HintRéponse% Correct
M1-3Mont Kiléraide
77%
M1-2Caverne Koopa
62%
M1-5Cirque aux cent clics
62%
M1-1Colline aux Super Clochettes
62%
M1-ChâteauChâteautoroute de Bowser
54%
M1-ABarrage de Bill Dozer
46%
M4-ABarrage de Roulécrac
46%
M2-Maison MystèreGuéguerre dans la Maison Mystère
46%
M2-3Corridor des ombres
38%
M1-4Une éclaircie nommée Plessie
38%
M3-ABarrage de Kamek
31%
M4-3Blocs, bips et clacs
31%
M6-3Château Tactile
31%
M5-ChâteauCitadelle du Roi Klonk
31%
M10-2Du piquant au Mont Kiléraide
31%
M3-2Gare aux grilles !
31%
M2-2La montagne à tiroirs
31%
M3-ChâteauLe Bill Balle Express
31%
M1-Capt.ToadLe Capitaine Toad part à l'aventure
31%
M3-Capt.ToadLe Capitaine Toad se jette à l'eau
31%
M5-Capt.ToadLe Capitaine Toad tient le bon Boo
31%
M4-ChâteauMagma Mia !
31%
M3-3Manoir hanté et mouvementé
31%
M3-1Parc Boule de neige
31%
M2-1Pico Condors et sables d'or
31%
M2-4Plaine Roule-Pelouse
31%
M4-4Rebonds sur trampignons
31%
M12-Dernier niveauRoute de l'Ultime Défi
31%
M7-ASecond barrage de Roulécrac
31%
M4-Maison MystèreA tombeau ouvert dans la Maison Mystère
23%
M6-ABarrage du Prince Voyou
23%
M4-2Bourbe aux Piranha rampantes
23%
M11-3Bourbe aux Piranha rampantes de nuit
23%
M2-ChâteauBrigade Bill Balle
23%
M9-9Canonnade Cosmique
23%
M4-1Dans le nid des Fourmili
23%
M5-7En douce sous les projecteurs
23%
M2-5Gorge aux doubles cerises
23%
M8-Maison MystèreGriffes à l'air dans la Maison Mystère
23%
M3-BL'Aéro-Chapiteau des Mambaristo
23%
M5-3L'allée de tous les dangers
23%
M6-Maison MystèreLancers experts dans la Maison Mystère
23%
M5-4L'appel de la savane
23%
M8-TrainLe Grabuge Express
23%
M6-4Le radeau de la mangrove
23%
M3-6Montagne On-se-magne
23%
M9-8Paltrak et purée de pois
23%
M3-4Panique sur la Place Pastel
23%
M9-1Parc-en-ciel
23%
M4-BPremière Planque des Frères Pyro
23%
M9-6Ruche interstellaire
23%
M7-2Ruines d'encre
23%
M8-2Sables sans merci de Plessie
23%
M5-ASecond barrage de Bill Dozer
23%
M7-BSecond barrage du Prince Voyou
23%
M5-5Souterrain miné
23%
M9-4Sus au drapeau !
23%
M8-ChâteauTour Infernale de Bowser
23%
M5-2Trapèzes tragiques
23%
M8-7Balade à dos de Badabam
15%
M6-6Bastion Bill Balle
15%
M11-8Blocs et clacs sans bips
15%
M11-12Boss à tire-larigot
15%
M7-6Brasse entre les Requins-Barjos
15%
M11-1Cirque aux cent clics et chocs électriques
15%
M7-1Citadelle des Frères Pyro
15%
M4-5Cité perdue des Spike
15%
M5-BDeuxième Planque des Frères Pyro
15%
M7-7Effroi à marée chaude
15%
M6-7Filon de Fuzzy
15%
M7-ChâteauForteresse de lave de Bowser
15%
M8-AGlobuloboss voit encore plus rouge
15%
M6-CGlobuloboss voit rouge
15%
M10-Maison MystèreGrosse colère dans la Maison Mystère
15%
M6-2La nef des Boo
15%
M7-4La valse des voyous
15%
M7-Capt.ToadLe Capitaine Toad ne se Thwomp jamais
15%
M11-5Le rappel de la savane
15%
M5-1Littoral Tropical
15%
M8-6Lueur d'espoir au manoir
15%
M11-6Manoir hanté très mouvementé
15%
M10-4Mêlée dans le corridor des ombres
15%
M8-1Ponts à piques
15%
M7-CQuatrième Planque des Frères Pyro
15%
M5-6Régal de dalles
15%
M10-5Retour au Château Tactile
15%
M3-7Rodéo sur chariots
15%
M7-5Tour aux traquenards
15%
M6-BTroisième Planque des Frères Pyro
15%
M3-5Tuyaux-sur-Mer
15%
M9-2Une Super Galaxie
15%
M8-5Bain en eaux flottantes
8%
M2-ABarrage de Galomba
8%
M9-5Blocs en stock
8%
M6-5Bourrasques sur le mont poudreux
8%
M6-ChâteauBrigade Bob-Omb de Bowser
8%
M8-4Chemin Chatoyant
8%
M7-3Confluents très brûlants
8%
M12-Maison MystèreDer der ders dans la Maison Mystère
8%
M6-1Des tuyaux dans les nuages
8%
M8-3Engrenages exquis
8%
M11-2Filon de Fuzzy et inondations
8%
M9-7Grotte Méga
8%
M9-3Imbroglio de rouleaux
8%
M10-6La nef des Bwoosh
8%
M12-Capt.ToadLe Capitaine Toad est tout feu tout flamme
8%
M9-Capt.ToadLe Capitaine Toad fait preuve de bon sens
8%
M8-BLe retour de l'Aéro-Chapiteau des Mambaristo
8%
M11-9Littoral infernal
8%
M10-7Micmac au milieu du magma bleu
8%
M10-3Nuit sur la mangrove
8%
M10-1Plaine Roule-Pelouse de nuit
8%
M11-11Projecteurs sur ponts à piques
8%
M11-10Ruche céleste
8%
M11-7Tumulte à Tuyaux-sur-Mer
8%
M11-4Urgence à la citadelle des Frères Pyro
8%

Distribution des résultats

Percentile par nombre de réponses

% des personnes avec chaque résultat

Votre développement - résultats

Vous n’avez pas pris ce quiz